Score 0/23 Timer 03:00
0 Plays Today
HINT 4-LETTER WORD % Correct
Spoiled totBRAT
95.7%
▼ ____'s Anatomy ▼▼ GREY ▼
92.9%
▼ UK Resident▼▼ BRIT ▼
92.5%
TouchFEEL
87.5%
ToppleFALL
85.5%
Hunter's gamePREY
84.6%
▼ Petrol, e.g. ▼▼ FUEL ▼
84.5%
Ring upCALL
84.3%
Alert to dangerWARN
83.2%
Address a divinityPRAY
83.1%
Silver, Tupper, or Soft____WARE
82.1%
Pavement poundersFEET
81.6%
HINT 4-LETTER WORD % Correct
Mr. Sagan or JungCARL
81.4%
CadenceBEAT
81.4%
Borscht basicBEET
80.5%
▼ Duke of ____▼ EARL ▼
78.9%
RepleteFULL
78.3%
MeritEARN
76.3%
Trim with a knifePARE
72.8%
DividePART
68.6%
Percy Weasley, e.g.?PRAT
68%
Gardener's mossPEAT
67.8%
CheekyPERT
63.1%

Today's Daily Dose

Remove Ads.
Support Sporcle.
Get the best of Sporcle when you Go Orange. This ad-free experience offers more features, more stats, and more fun while also helping to support Sporcle. Thank you for becoming a member.

You're not logged in!

Compare scores with friends on all Sporcle quizzes.
OR
Log In

Show Comments

Extras

Top Quizzes Today


Score Distribution

Your Account Isn't Verified!

In order to create a playlist on Sporcle, you need to verify the email address you used during registration. Go to your Sporcle Settings to finish the process.

Report this User

Report this user for behavior that violates our Community Guidelines.

Details: